MARC

LEADER 00000nam0a2200000 4500
001 300612
005 20231102001323.0
020 |a RU  |b 82-77647 
035 |a (RuTPU)RU\TPU\book\325765 
090 |a 300612 
100 |a 20150714d1982 k y0rusy5003 ca 
101 0 |a rus 
102 |a RU 
105 |a a z 001zy 
200 1 |a Хозрасчетные методы управления производством  |e сборник научных трудов  |f Академия народного хозяйства при Совете Министров СССР (АНХ) ; под ред. Т. Б. Костежа 
210 |a Москва  |c Изд-во АНХ  |d 1982 
215 |a 152 с.  |c ил. 
320 |a Библиогр. в конце ст. 
606 1 |a Хозяйственный расчет  |x Промышленные предприятия  |2 stltpush  |3 (RuTPU)RU\TPU\subj\17455  |9 43092 
610 1 |a народное хозяйство 
610 1 |a управление 
610 1 |a конечные результаты 
610 1 |a цена 
610 1 |a заработная плата 
610 1 |a ГДР 
610 1 |a передовой опыт 
610 1 |a экономическое регулирование 
610 1 |a стимулирование 
610 1 |a топливно-энергетические ресурсы 
675 |a 658.155  |z rus  |v 3 
702 1 |a Костеж  |b Т. Б.  |4 340 
712 0 2 |a Академия народного хозяйства при Совете Министров СССР (АНХ)  |c (Москва)  |c (1977-1992)  |2 stltpush  |3 (RuTPU)RU\TPU\col\21511 
801 0 |a RU  |b RuMRKP  |c 19950704  |g psbo 
801 1 |a RU  |b 63413507  |c 20150714 
801 2 |a RU  |b 63413507  |c 20190208  |g RCR 
942 |c BK